| 000 | 00910nac a22002651i 4500 | ||
|---|---|---|---|
| 003 | EG-ScBUE | ||
| 005 | 20240922114752.0 | ||
| 008 | 240922s2004 ii f 000 0 eng d | ||
| 020 | _a8121906873 | ||
| 020 | _a9788121906876 | ||
| 040 |
_aEG-ScBUE _beng _erda _cEG-ScBUE _dEG-ScBUE |
||
| 082 | 0 | 4 |
_a512.9 _bNAR _222 |
| 100 | 1 |
_aNarayan, Shanti, _eauthor. |
|
| 245 | 1 | 2 |
_aA text book of matrices / _cShanti Narayan, formerly dean of colleges, University of Delhi ; revised by P.K. Mittal, Govt. degree College, Harakh, Lucknow. |
| 250 | _aTenth thoroughly revised edition. | ||
| 264 | 1 |
_aNew Delhi : _bS. Chand & Company, _c2004. |
|
| 300 |
_a304 pages ; _c23 cm |
||
| 336 |
_2rdacontent _atext _btxt |
||
| 337 |
_aunmediated _2rdamedia _bn |
||
| 338 |
_avolume _bnc _2rdacarrier |
||
| 650 | 7 |
_aMatrices. _2BUEsh |
|
| 655 | _vReading book | ||
| 700 | 1 |
_aMittal, P. K., _ereviewr. |
|
| 942 |
_cBB _2ddc |
||
| 999 |
_c1275 _d1275 |
||